000 00473nam a22001817a 4500
003 CEME
005 20210628203018.0
008 210216b xxu||||| |||| 00| 0 eng d
020 _a0-07-463748-7
040 _c.
082 _a621.20424 MAJ
100 _aMajumdar, S.R
_962854
245 _aOil hydraulic systems,principles and maintenance
260 _aNEW YORK
_bMCGRAW HILL
_c2002
300 _aXIV,547P
650 _aHYDRAULIC SYSTEMS-OI
_962855
942 _cBK
_2ddc
999 _c571823
_d571823